Observación de una niña que nació viva sin cerebro, cerebelo, y médula oblongada (Record no. 67909)

MARC details
000 -LEADER
campo de control de longitud fija 00928nam a2200205 i 4500
001 - NÚMERO DE CONTROL
campo de control 67909
003 - IDENTIFICADOR DE NÚMERO DE CONTROL
campo de control ES-MaACL
005 - FECHA Y HORA DE LA ÚLTIMA TRANSACCIÓN
campo de control 20250626063141.0
007 - CAMPO FIJO DE DESCRIPCIÓN FÍSICA--INFORMACIÓN GENERAL
campo de control de longitud fija t|
008 - DATOS DE LONGITUD FIJA--INFORMACIÓN GENERAL
campo de control de longitud fija 040216s1786 sp ||||1| spa d
080 ## - NÚMERO DE LA CLASIFICACIÓN DECIMAL UNIVERSAL
Número de la Clasificación Decimal Universal 616-007
100 1# - ENTRADA PRINCIPAL--NOMBRE DE PERSONA
Nombre de persona Galli i Camps, Lleonard,
Fechas asociadas al nombre 1751-1830
9 (RLIN) 53614
245 10 - MENCIÓN DEL TÍTULO
Título Observación de una niña que nació viva sin cerebro, cerebelo, y médula oblongada
Resto del título : illustrada con una memoria sobre los principios de la criminalidad, en la cual se dan varias razones de la posibilidad de este y otros fenomenos de la máquina animal /
Mención de responsabilidad, etc. por el licenciado Don Leonardo Galli...
260 ## - PUBLICACIÓN, DISTRIBUCIÓN, ETC.
Lugar de publicación, distribución, etc. Barcelona :
Nombre del editor, distribuidor, etc. por Raymundo Martí,
Fecha de publicación, distribución, etc. [1786]
300 ## - DESCRIPCIÓN FÍSICA
Extensión [20], 100 p. ;
Dimensiones 20 cm.
500 ## - NOTA GENERAL
Nota general Fecha tomada de la Licencia (p. 100)
650 14 - PUNTO DE ACCESO ADICIONAL DE MATERIA--TÉRMINO DE MATERIA
Término de materia o nombre geográfico como elemento de entrada Malformaciones congénitas-
Subdivisión de forma Obras anteriores a 1800.
9 (RLIN) 14743
852 ## - LOCALIZACIÓN
Ubicación ES-MaACL
Número de control de estantería R-3430(5)
Holdings
Estatus retirado Estado de pérdida Estado de daño No para préstamo Colección Biblioteca de origen Biblioteca actual Ubicación en estantería Fecha de adquisición Fuente de adquisición Total de préstamos Signatura topográfica completa Código de barras Visto por última vez Precio de reemplazo Tipo de ítem Koha
        Libros del s. XVIII Biblioteca del Ateneo de Madrid Biblioteca del Ateneo de Madrid Depósito 17/01/2008     R-3430(5) 1071097 23/02/2023 23/02/2023 Libro impreso antiguo